000 00357cam a2200169ua 4500
001 8674
008 150212n ii |||gr||||Z||||||eng
040 _cMAIN
041 _aeng
082 _a821
245 _aSelect readings in english
250 _a6th.
260 _aGuwahati:
_bLBS,
_c1994.
300 _a216p.
653 _aEnglish poetry
942 _cBK
999 _c7772
_d7772